| 000 | 00423 a2200133 4500 | ||
|---|---|---|---|
| 005 | 20250516092710.0 | ||
| 020 | _a0-256-07862-9 | ||
| 082 | _a658. 403 O'BR | ||
| 100 | _aO'BRIEN, J. A. | ||
| 245 | _aManagement Information Systems: A Managerial End User Perspective | ||
| 260 |
_aBoston, _bIrwin, _c1990. |
||
| 300 |
_axxxiv, 670p.: ill.; figure, graph, picture, table. _bGlossary, index, references. _c26cm. |
||
| 942 |
_2ddc _cBKS |
||
| 999 |
_c2375 _d2375 |
||